Liste des Etats et Dynasties originaire d'Algerie - Statistiques

Statistiques générales
  • Ce quiz a été pris 102 fois
  • Le résultat moyen est 5 sur 11
Statistiques - réponses
Hint Réponse % Correct
220 av J-C - 40 Numides
88%
1958 - République Algérienne
64%
909 - 969 Fatimides
54%
1516 - 1830 Royaume d'Alger
52%
1236 - 1512 Zianides
51%
935 - 1148 Zirides
51%
776 - 909 Rostemides
30%
1832 - 1847 Emirat d'Abdelkader
26%
1014 - 1152 Hammadides
24%
429 - 578 Altava
12%
743 - 1066 Ifrenides
10%
Aucun quiz correspondant
Distribution des résultats
% des personnes avec chaque résultat
Percentile par nombre de réponses
Votre historique - résultats
Vous n’avez pas pris ce quiz